• 首页
  • 本馆介绍
  • 公告通知
  • 最新文献
  • 馆藏检索
  • 电子资源
  • 读者导购
  • 参考咨询
  • 我的图书馆
  • 登录
  • 详细信息显示
  • 放入我的书架
  • 预约/预借图书
  • 作者相关作品
  • 分类相关作品
  • 丛书相关作品
  • 出版社相关作品

书目信息

  • 表格格式
  • 工作单格式
  • 卡片格式
题名:
健康社会学
    
 
作者: F.D.沃林斯基 著 ;孙牧虹...[等] 译
分册:  
出版信息: 北京   社会科学文献出版社  1999.4
页数: 540页
开本: 32开
丛书名: 现代社会学文库
单 册:
中图分类: R-05
科图分类:
主题词: 医药学--关系
电子资源:
ISBN: 7-80050-248-1
000 00719nam0 2200241 45
001 0103071588
005 20031219104048.7
010    @a7-80050-248-1@dCNY30.00
100    @a20010307d1999 km y0chiy0120 ea
101 0  @achi
105    @a z 000yy
200 1  @a健康社会学@AJian Kang She Hui Xue@f(美)F.D.沃林斯基著@F(Mei)F.D.Wo Lin Si Ji Zhu@g孙牧虹...[等]译
205    @a2版
210    @a北京@c社会科学文献出版社@d1999.4
215    @a540页@d32开
225    @a现代社会学文库
410    @12001 @a现代社会学文库
606 0  @a医药学@x关系
690    @aR-05@v1
701  0 @aF.D.沃林斯基@4著
702  0 @a孙牧虹...[等]@ASun Mu Hong...[Deng]@4译
801    @aCN@bTSTC@c20010316
905    @b295419-423@dR-05@e8=2@f5
    
    健康社会学/(美)F.D.沃林斯基著/孙牧虹...[等]译.-2版.-北京:社会科学文献出版社,1999.4
    540页;32开.-(现代社会学文库)
    
    
    ISBN 7-80050-248-1:CNY30.00
    
●
相关链接 在E读中查询图书 在五车中查询图书 在当当中查询图书 在豆瓣中查询图书


正题名:健康社会学     索取号:R-05/8=2         预约/预借

序号 登录号 条形码 馆藏地/架位号 状态 备注
1 0295419   002954191   教育系资料室/ [索取号:R-05/8=2] 在馆    
2 0295420   002954208   第三借阅区/ [索取号:R-05/8=2] 在馆    
3 0295421   002954217   第三借阅区/ [索取号:R-05/8=2] 在馆    
4 0295422   002954226   教育系资料室/ [索取号:R-05/8=2] 在馆    
5 0295423   002954235   第二样本阅览室/ [索取号:R-05/8=2] 在馆    
唐山师范学院图书馆 欢迎您!
大连网信软件有限公司© 版权所有